|
|
|
|
| LEADER |
00925nam a2200229 a 4500 |
| 001 |
c000312840 |
| 003 |
CARM |
| 005 |
00000000000000.0 |
| 008 |
s1966 paua b 00010 eng d |
| 019 |
1 |
|
|a 2819428
|z 28016952
|5 LACONCORD2021
|
| 035 |
|
|
|a (OCoLC)716500
|5 LACONCORD2021
|
| 082 |
1 |
|
|a 613.7
|2 19
|
| 100 |
1 |
0 |
|a Mueller, Grover W.
|q (Grover William)
|
| 245 |
1 |
2 |
|a A practical program of remedial physical education /
|c Grover W. Mueller, Josephine Christaldi.
|
| 260 |
|
|
|a Philadelphia :
|b Lea & Febiger,
|c 1966.
|
| 300 |
|
|
|a 287 p. ;
|b ill. :
|c 24 cm.
|
| 504 |
|
|
|a Includes bibliographical references.
|
| 650 |
|
0 |
|a Physical education and training.
|
| 700 |
1 |
0 |
|a Christaldi, Josephine.
|
| 852 |
8 |
|
|b CARM
|h A3:AD02G0
|i C11407
|p 0470147
|f BK
|
| 999 |
f |
f |
|i 75fa3e76-b8a8-54d5-ba0c-44229ef0a3ce
|s b0e3091b-3529-5b65-8f38-e5c7e361c026
|
| 952 |
f |
f |
|p Can circulate
|a CAVAL
|b CAVAL
|c CAVAL
|d CARM 1 Store
|e C11407
|f A3:AD02G0
|h Other scheme
|i book
|m 0470147
|